World Countries - Blind Typing - Statistics

General Stats
  • This quiz has been taken 173 times
  • The average score is 157 of 196
Answer Stats
Country % Correct
United States
94%
Canada
93%
Mexico
93%
Algeria
89%
Australia
89%
Brazil
89%
Costa Rica
89%
Afghanistan
87%
Andorra
87%
Argentina
87%
Bosnia and Herzegovina
87%
China
87%
Cuba
87%
France
87%
Germany
87%
Jamaica
87%
Netherlands
87%
Norway
87%
Panama
87%
Russia
87%
United Kingdom
87%
Albania
85%
Bahamas
85%
Belize
85%
Chile
85%
Democratic Republic of the Congo
85%
Egypt
85%
Finland
85%
Haiti
85%
Iceland
85%
India
85%
Kazakhstan
85%
Luxembourg
85%
North Korea
85%
Pakistan
85%
Peru
85%
Poland
85%
Portugal
85%
South Korea
85%
Spain
85%
Sweden
85%
Belgium
83%
Bulgaria
83%
Colombia
83%
El Salvador
83%
Estonia
83%
Greece
83%
Guyana
83%
Indonesia
83%
Ireland
83%
Israel
83%
Italy
83%
Japan
83%
Latvia
83%
Lithuania
83%
Monaco
83%
New Zealand
83%
Niger
83%
Romania
83%
Saudi Arabia
83%
Slovenia
83%
Switzerland
83%
Turkey
83%
Uruguay
83%
Venezuela
83%
Yemen
83%
Angola
81%
Belarus
81%
Bolivia
81%
Chad
81%
Croatia
81%
Czech Republic
81%
Dominica
81%
Dominican Republic
81%
Honduras
81%
Hungary
81%
Iran
81%
Iraq
81%
Kenya
81%
Kyrgyzstan
81%
Lebanon
81%
Liechtenstein
81%
Montenegro
81%
Nepal
81%
Nicaragua
81%
North Macedonia
81%
Oman
81%
Paraguay
81%
Qatar
81%
Republic of the Congo
81%
South Africa
81%
Syria
81%
Ukraine
81%
Vatican City
81%
Armenia
80%
Austria
80%
Bhutan
80%
Botswana
80%
Brunei
80%
Denmark
80%
Ecuador
80%
Ethiopia
80%
Fiji
80%
Ghana
80%
Guatemala
80%
Jordan
80%
Kuwait
80%
Laos
80%
Libya
80%
Madagascar
80%
Malta
80%
Mongolia
80%
Morocco
80%
Nigeria
80%
Rwanda
80%
San Marino
80%
Serbia
80%
Singapore
80%
Slovakia
80%
South Sudan
80%
Sudan
80%
Taiwan
80%
Uzbekistan
80%
Bangladesh
78%
Cambodia
78%
Central African Republic
78%
Cyprus
78%
Djibouti
78%
East Timor
78%
Equatorial Guinea
78%
Grenada
78%
Kosovo
78%
Lesotho
78%
Malaysia
78%
Moldova
78%
Mozambique
78%
Philippines
78%
Suriname
78%
Tajikistan
78%
Tanzania
78%
Thailand
78%
Togo
78%
Turkmenistan
78%
United Arab Emirates
78%
Vietnam
78%
Antigua and Barbuda
76%
Azerbaijan
76%
Bahrain
76%
Benin
76%
Burundi
76%
Comoros
76%
Eritrea
76%
Eswatini
76%
Gambia
76%
Georgia
76%
Guinea
76%
Liberia
76%
Marshall Islands
76%
Namibia
76%
Palau
76%
Saint Lucia
76%
Samoa
76%
Seychelles
76%
Somalia
76%
Sri Lanka
76%
Trinidad and Tobago
76%
Tunisia
76%
Zambia
76%
Burkina Faso
74%
Cameroon
74%
Federated States of Micronesia
74%
Gabon
74%
Guinea-Bissau
74%
Ivory Coast
74%
Mauritania
74%
Papua New Guinea
74%
Saint Vincent and the Grenadines
74%
Senegal
74%
Barbados
72%
Burma
72%
Maldives
72%
Mauritius
72%
Nauru
72%
Saint Kitts and Nevis
72%
Sierra Leone
72%
Tonga
72%
Zimbabwe
72%
Mali
70%
Uganda
70%
Cape Verde
69%
Solomon Islands
69%
Tuvalu
69%
Kiribati
67%
Malawi
67%
Vanuatu
67%
Sao Tome and Principe
63%
No matching quizzes found
Score Distribution
Percent of People with Each Score
Percentile by Number Answered
Your Score History
You have not taken this quiz